01196cam a2200325 i 450000100090000000300090000900500170001800800410003502000360007602000360011202000180014804000380016608200190020410000390022324500840026225000200034625000210036626400540038730000440044133600260048533700280051133800270053950400520056665000290061865300220064765500240066994200120069399900170070595201480072213231616EG-ScBUE20241217102740.0030609r20082003njua f b 001 0 eng d a0470848340 (Cloth : alk. paper) a0470848359 (Paper : alk. paper) a9780470848357 aDLCbengerdacDLCdDLCdEG-ScBUE04a523.1222bLID1 aLiddle, Andrew R.,eauthor.93749613aAn introduction to modern cosmology /cAndrew Liddle, University of Sussex, UK. aSecond edition. aReprint edition. 1aHoboken, New Jerssey :bJohn Wiley & Sons,c2008. axv, 178 pages :billustrations ;c26 cm 2rdacontentatextbtxt aunmediated2rdamediabn avolumebnc2rdacarrier aIncludes bibliographical references and index.  7aCosmology.2BUEsh937498 bENGGENcMarch2015 vReading book934232 2ddccBB c19124d19096 00102ddc40708BaccahaMAINbMAINc1STd2015-03-26ePurchaseg320.00l1m4o523.1 LIDp000037788r2025-07-15 00:00:00s2019-06-03v400.00yBB